| 000 | 00404nam a2200181Ia 4500 | ||
|---|---|---|---|
| 008 | 220531s9999 xx 000 0 und d | ||
| 041 | _aeng | ||
| 082 | _bKHI | ||
| 100 |
_aKhilani, Sunil _946566 |
||
| 245 | _aIdea Of India | ||
| 250 | _a1ST | ||
| 260 |
_bPenguin _c1999 |
||
| 300 | _a263 | ||
| 542 | _d03-07-2004 | ||
| 650 |
_aSociology _946567 |
||
| 906 | _d2004-2005 | ||
| 999 |
_c27398 _d27398 |
||